Normal view
MARC view
- Gagné, Robert M.
Entry Nombre Personal
001 - NUMERO DE CONTROL
- campo de control: 39918
003 - IDENTIFICADOR DE NUMERO DE CONTROL
- campo de control: DLC
005 - FECHA Y HORA DE LA ÜLTIMA TRANSACCIÓN
- campo de control: 20220926080658.0
008 - DATOS DE LONGITUD FIJA
- campo de control de longitud fija: 220926n| acannaabn |a aaa
010 ## - NÚMERO DE CONTROL DE LA BIBLIOTECA DEL CONGRESO
- Número de control LC: n 79018030
035 ## - NUMERO DE CONTROL
- Número de control: (OCoLC)oca00251885
040 ## - FUENTE DE CATALOGACIÓN
- Agencia original de catalogación: DLC
- Lenguaje de catalogación: spa
- Agencia de transcripción: DLC
- Agencia que lo modifica: DLC
- Agencia que lo modifica: TxHU
- Agencia que lo modifica: MX-MxUPN
100 1# - ENCABEZAMIENTO - NOMBRE PERSONAL
- Nombre personal: Gagné, Robert M.
- Fuller form of name: (Robert Mills),
- Fechas asociadas con el nombre: 1916-2002
400 1# - VEÁSE - NOMBRE DE PERSONA
- Control subfield: nne
- Personal name: Gagné, Robert Mills,
- Dates associated with a name: 1916-
670 ## - FUENTE EN LA QUE SE LOCALIZARON DATOS
- Cita de la fuente: En su obra: Some interrelations of excitation ... 1941.
670 ## - FUENTE EN LA QUE SE LOCALIZARON DATOS
- Cita de la fuente: En su obra: The conditions of learning and theory of instruction, 1984:
- Información localizada: CIP portada (Robert M. Gagné)
670 ## - FUENTE EN LA QUE SE LOCALIZARON DATOS
- Cita de la fuente: Wikipedia, Mar. 4, 2008
- Información localizada: (Robert M. Gagné, b. Aug. 21, 1916, d. April 28, 2002)
902 ## - CATALOGADOR
- Catalogador: NDAF/260922
